000 00759nam a22002537a 4500
003 UA-OsUOA
001 54771
007 ta
008 20080715b un ||||| |||| 00| 0 ukr d
100 _aЗавальна Ж.
700 _aСтаринський М.
090 _a347.734(477)(075.8)
_bЗ-13
942 _cBK
040 _aUA-OsUOA
_bukr
_cUA-OsUOA
_dUA-OsUOA
245 _aВалютне право України
_bнавчальний посібник
300 _a304 с.
955 _a2
041 _aukr
080 _a347.734(477)(075.8)
020 _a966-680-287-2
260 _aСуми
_bУніверситетська книга
_c2006
650 7 _a347 Цивільне право. Судовий устрій
_2UDC
999 _c340851
_d340851